| 000 | 01023nam a22001817a 4500 | ||
|---|---|---|---|
| 999 |
_c190175 _d190175 |
||
| 005 | 20220719165555.0 | ||
| 010 | _aHIN-124061 | ||
| 020 |
_a978-93-5143-827-4 _c495.00 |
||
| 035 | _aHN-96407 | ||
| 037 | _bDBAD/PUB | ||
| 082 | _a000 | ||
| 100 | _aजोशी, श्रीध्दांत | ||
| 245 |
_aसामान्य अध्ययन प्रश्न पत्र - 2: _bराजनैतिक संरचना, सुरक्षा के मुद्दे, सामाजिक विधान, सामाजिक क्षेत्र एवं अंतर्राष्ट्रीय संगठन/ _cश्रीध्दांत जोशी |
||
| 260 |
_aHaryana _bLexisNexis _c2016 |
||
| 270 |
_a14th floor, Building No 10, Tower-B, DLF Cyber City, Phase-II, Gurgaon _bHaryana _e122002 _mhelp.in@lexisnexis.com _k+91 124 4774444 _l+91 124 4774100 |
||
| 300 |
_aवि.पृ. _c24से.मी.(अजिल्द) |
||
| 942 |
_2ddc _cHN _h000 _mजोशीश्री |
||